{"text_format":"3","workbook":"xlsx","n_sheets":1,"sheets":["t214"],"read":"whole","date_system":"1900"}

{"sheet":"t214","index":0,"n_rows":190,"n_cols":7,"rows_kept":190,"merged":[[0,0,0,6],[28,0,28,5],[46,0,46,5],[160,0,160,5]]}
["TABELA 214.1 - Estatísticas Agrícolas, Município de Guzolândia, Estado de São Paulo, 2016/17."]
["ITEM","UNIDADE","N.DE UPAs","MÍNIMO","MÉDIO","MÁXIMO","TOTAL"]
["Distância à sede do município","km",301,0.5,{"v":9.46,"d":"9.5"},{"v":25,"d":"25.0"},"-"]
["Área total","hectare",301,1.1,{"v":96.24,"d":"96.2"},{"v":1210,"d":"1,210.0"},{"v":28967.13,"d":"28,967.1"}]
["Área com cultura perene","hectare",22,{"v":2,"d":"2.0"},{"v":56.45,"d":"56.5"},189.7,{"v":1242,"d":"1,242.0"}]
["Área com cultura temporária","hectare",52,0.3,{"v":60.32,"d":"60.3"},624.4,{"v":3136.4,"d":"3,136.4"}]
["Área com pastagem","hectare",298,0.4,{"v":72.12,"d":"72.1"},{"v":1061.8,"d":"1,061.8"},{"v":21491.6,"d":"21,491.6"}]
["Área com reflorestamento","hectare",5,0.6,20.8,{"v":72,"d":"72.0"},{"v":104,"d":"104.0"}]
["Área com vegetação natural","hectare",130,0.1,{"v":14.72,"d":"14.7"},130.7,{"v":1913.67,"d":"1,913.7"}]
["Área com vegetação de brejo e várzea","hectare",156,0.1,{"v":5.73,"d":"5.7"},52.1,{"v":894.41,"d":"894.4"}]
["Área em descanso","hectare",1,2.4,2.4,2.4,2.4]
["Área complementar","hectare",192,0.1,{"v":0.95,"d":"1.0"},{"v":6,"d":"6.0"},{"v":182.65,"d":"182.7"}]
["Área das UPAs com (0, 1] ha","hectare","-","-","-","-","-"]
["Área das UPAs com (1, 2] ha","hectare",4,1.1,{"v":1.58,"d":"1.6"},{"v":2,"d":"2.0"},6.3]
["Área das UPAs com (2, 5] ha","hectare",32,2.7,{"v":3.93,"d":"3.9"},{"v":5,"d":"5.0"},125.6]
["Área das UPAs com (5, 10] ha","hectare",25,5.4,{"v":7.79,"d":"7.8"},9.8,{"v":194.87,"d":"194.9"}]
["Área das UPAs com (10, 20] ha","hectare",56,10.2,{"v":14.47,"d":"14.5"},19.9,{"v":810.48,"d":"810.5"}]
["Área das UPAs com (20, 50] ha","hectare",68,20.5,{"v":32.91,"d":"32.9"},49.3,{"v":2238.01,"d":"2,238.0"}]
["Área das UPAs com (50, 100] ha","hectare",40,52.4,{"v":71.43,"d":"71.4"},99.2,{"v":2857.01,"d":"2,857.0"}]
["Área das UPAs com (100, 200] ha","hectare",31,101.6,{"v":140.73,"d":"140.7"},198.4,{"v":4362.73,"d":"4,362.7"}]
["Área das UPAs com (200, 500] ha","hectare",34,200.8,{"v":300.82,"d":"300.8"},{"v":452.54,"d":"452.5"},{"v":10227.73,"d":"10,227.7"}]
["Área das UPAs com (500, 1.000] ha","hectare",9,517.8,{"v":658.87,"d":"658.9"},{"v":968,"d":"968.0"},{"v":5929.8,"d":"5,929.8"}]
["Área das UPAs com (1.000, 2.000] ha","hectare",2,{"v":1004.6,"d":"1,004.6"},{"v":1107.3,"d":"1,107.3"},{"v":1210,"d":"1,210.0"},{"v":2214.6,"d":"2,214.6"}]
["Área das UPAs com (2.000, 5.000] ha","hectare","-","-","-","-","-"]
["Área das UPAs com (5.000, 10.000] ha","hectare","-","-","-","-","-"]
["Área das UPAs acima de 10.000 ha","hectare","-","-","-","-","-"]
["Fonte: Secretaria de Agricultura e Abastecimento, CDRS/IEA, Projeto LUPA."]
[]
["TABELA 214.2 - Explorações Animais, Município de Guzolândia, Estado de São Paulo, 2016/17."]
["ITEM","UNIDADE","N.DE UPAs","MÍNIMO","MÉDIO","MÁXIMO","TOTAL"]
["Apicultura","colmeias",1,{"v":1,"d":"1.0"},{"v":1,"d":"1.0"},{"v":1,"d":"1.0"},{"v":1,"d":"1.0"}]
["Asininos e muares","cabecas",40,{"v":1,"d":"1.0"},{"v":2.68,"d":"2.7"},{"v":12,"d":"12.0"},{"v":107,"d":"107.0"}]
["Avicultura de corte","cabecas/ano",6,{"v":8,"d":"8.0"},{"v":34.67,"d":"34.7"},{"v":50,"d":"50.0"},{"v":208,"d":"208.0"}]
["Bovinocultura de corte","cabecas",85,{"v":4,"d":"4.0"},{"v":160.02,"d":"160.0"},{"v":1770,"d":"1,770.0"},{"v":13602,"d":"13,602.0"}]
["Bovinocultura leiteira","cabecas",46,{"v":2,"d":"2.0"},33.8,{"v":250,"d":"250.0"},{"v":1555,"d":"1,555.0"}]
["Bovinocultura mista","cabecas",156,{"v":2,"d":"2.0"},104.9,{"v":900,"d":"900.0"},{"v":16365,"d":"16,365.0"}]
["Bubalinocultura","cabecas",3,{"v":5,"d":"5.0"},{"v":21.67,"d":"21.7"},{"v":40,"d":"40.0"},{"v":65,"d":"65.0"}]
["Caprinocultura","cabecas",3,{"v":10,"d":"10.0"},{"v":18.33,"d":"18.3"},{"v":30,"d":"30.0"},{"v":55,"d":"55.0"}]
["Equinocultura","cabecas",140,{"v":1,"d":"1.0"},{"v":4,"d":"4.0"},{"v":30,"d":"30.0"},{"v":560,"d":"560.0"}]
["Helicicultura","viveiros",1,{"v":1,"d":"1.0"},{"v":1,"d":"1.0"},{"v":1,"d":"1.0"},{"v":1,"d":"1.0"}]
["Minhocultura","canteiros",1,{"v":1,"d":"1.0"},{"v":1,"d":"1.0"},{"v":1,"d":"1.0"},{"v":1,"d":"1.0"}]
["Ovinocultura","cabecas",19,{"v":1,"d":"1.0"},{"v":23.53,"d":"23.5"},{"v":90,"d":"90.0"},{"v":447,"d":"447.0"}]
["Piscicultura","m2 tanques",1,{"v":23000,"d":"23,000.0"},{"v":23000,"d":"23,000.0"},{"v":23000,"d":"23,000.0"},{"v":23000,"d":"23,000.0"}]
["Suinocultura","cabecas",6,{"v":1,"d":"1.0"},{"v":5.33,"d":"5.3"},{"v":15,"d":"15.0"},{"v":32,"d":"32.0"}]
["Fonte: Secretaria de Agricultura e Abastecimento, CDRS/IEA, Projeto LUPA."]
[]
["TABELA 214.3 -  Máquinas, Implementos e Benfeitorias, Município de Guzolândia, Estado de São Paulo, 2016/17."]
["ITEM","UNIDADE","N.DE UPAs","MÍNIMO","MÉDIO","MÁXIMO","TOTAL"]
["Arado comum (bacia, aiveca)","unidade",75,{"v":1,"d":"1.0"},{"v":1.35,"d":"1.4"},{"v":6,"d":"6.0"},{"v":101,"d":"101.0"}]
["Arado escarificador","unidade",5,{"v":1,"d":"1.0"},{"v":1,"d":"1.0"},{"v":1,"d":"1.0"},{"v":5,"d":"5.0"}]
["Arado subsolador","unidade",14,{"v":1,"d":"1.0"},{"v":1.07,"d":"1.1"},{"v":2,"d":"2.0"},{"v":15,"d":"15.0"}]
["Batedeira de cereais","unidade",2,{"v":1,"d":"1.0"},{"v":1,"d":"1.0"},{"v":1,"d":"1.0"},{"v":2,"d":"2.0"}]
["Carregadeira de cana","unidade",6,{"v":1,"d":"1.0"},{"v":1,"d":"1.0"},{"v":1,"d":"1.0"},{"v":6,"d":"6.0"}]
["Carreta de trator","unidade",60,{"v":1,"d":"1.0"},{"v":1.35,"d":"1.4"},{"v":5,"d":"5.0"},{"v":81,"d":"81.0"}]
["Colhedeira acoplada","unidade",16,{"v":1,"d":"1.0"},{"v":2,"d":"2.0"},{"v":8,"d":"8.0"},{"v":32,"d":"32.0"}]
["Colhedeira automotriz","unidade",4,{"v":1,"d":"1.0"},{"v":1.75,"d":"1.8"},{"v":3,"d":"3.0"},{"v":7,"d":"7.0"}]
["Computador","unidade",8,{"v":1,"d":"1.0"},{"v":2,"d":"2.0"},{"v":8,"d":"8.0"},{"v":16,"d":"16.0"}]
["Conj.irrigacao autopropelido","unidade",1,{"v":1,"d":"1.0"},{"v":1,"d":"1.0"},{"v":1,"d":"1.0"},{"v":1,"d":"1.0"}]
["Conj.irrigacao convencional","unidade",2,{"v":1,"d":"1.0"},{"v":1,"d":"1.0"},{"v":1,"d":"1.0"},{"v":2,"d":"2.0"}]
["Conj.irrigacao/gotejamento/microaspersao","unidade",3,{"v":1,"d":"1.0"},{"v":1.33,"d":"1.3"},{"v":2,"d":"2.0"},{"v":4,"d":"4.0"}]
["Desintegrador, picador, triturador","unidade",57,{"v":1,"d":"1.0"},{"v":1.16,"d":"1.2"},{"v":3,"d":"3.0"},{"v":66,"d":"66.0"}]
["Distribuidor de calcario","unidade",33,{"v":1,"d":"1.0"},{"v":1.03,"d":"1.0"},{"v":2,"d":"2.0"},{"v":34,"d":"34.0"}]
["Embarcação","unidade",13,{"v":1,"d":"1.0"},{"v":1.15,"d":"1.2"},{"v":2,"d":"2.0"},{"v":15,"d":"15.0"}]
["Ensiladeira","unidade",33,{"v":1,"d":"1.0"},{"v":1.15,"d":"1.2"},{"v":3,"d":"3.0"},{"v":38,"d":"38.0"}]
["Grade aradora (tipo romi)","unidade",62,{"v":1,"d":"1.0"},{"v":1.21,"d":"1.2"},{"v":4,"d":"4.0"},{"v":75,"d":"75.0"}]
["Grade niveladora","unidade",68,{"v":1,"d":"1.0"},1.4,{"v":6,"d":"6.0"},{"v":95,"d":"95.0"}]
["Implementos para tracao animal","unidade",25,{"v":1,"d":"1.0"},{"v":1.08,"d":"1.1"},{"v":2,"d":"2.0"},{"v":27,"d":"27.0"}]
["Misturador de racao","unidade",11,{"v":1,"d":"1.0"},{"v":1,"d":"1.0"},{"v":1,"d":"1.0"},{"v":11,"d":"11.0"}]
["Mmicrotrator","unidade",2,{"v":1,"d":"1.0"},3.5,{"v":6,"d":"6.0"},{"v":7,"d":"7.0"}]
["Ordenhadeira mecanica","unidade",20,{"v":1,"d":"1.0"},{"v":1,"d":"1.0"},{"v":1,"d":"1.0"},{"v":20,"d":"20.0"}]
["Pulverizador tratorizado","unidade",43,{"v":1,"d":"1.0"},{"v":1.26,"d":"1.3"},{"v":4,"d":"4.0"},{"v":54,"d":"54.0"}]
["Resfriador de leite, tanque expansao","unidade",29,{"v":1,"d":"1.0"},{"v":1.07,"d":"1.1"},{"v":2,"d":"2.0"},{"v":31,"d":"31.0"}]
["Retroescavadeira","unidade",1,{"v":1,"d":"1.0"},{"v":1,"d":"1.0"},{"v":1,"d":"1.0"},{"v":1,"d":"1.0"}]
["Roçadora","unidade",51,{"v":1,"d":"1.0"},1.2,{"v":4,"d":"4.0"},{"v":61,"d":"61.0"}]
["Semeadeira/adubadeira para plantio convencional","unidade",35,{"v":1,"d":"1.0"},{"v":1.26,"d":"1.3"},{"v":3,"d":"3.0"},{"v":44,"d":"44.0"}]
["Semeadeira/plantadeira plantio direto","unidade",4,{"v":1,"d":"1.0"},{"v":1.25,"d":"1.3"},{"v":2,"d":"2.0"},{"v":5,"d":"5.0"}]
["Tanque rede","m3",2,{"v":1,"d":"1.0"},2.5,{"v":4,"d":"4.0"},{"v":5,"d":"5.0"}]
["Tecnologias de gps para controle de máquinas","unidade",1,{"v":1,"d":"1.0"},{"v":1,"d":"1.0"},{"v":1,"d":"1.0"},{"v":1,"d":"1.0"}]
["Terraceador","unidade",15,{"v":1,"d":"1.0"},{"v":1,"d":"1.0"},{"v":1,"d":"1.0"},{"v":15,"d":"15.0"}]
["Trator de esteiras","unidade",3,{"v":1,"d":"1.0"},{"v":2,"d":"2.0"},{"v":4,"d":"4.0"},{"v":6,"d":"6.0"}]
["Trator de pneus  acima de 85 cv","unidade",30,{"v":1,"d":"1.0"},{"v":2.17,"d":"2.2"},{"v":16,"d":"16.0"},{"v":65,"d":"65.0"}]
["Trator de pneus até 65 cv","unidade",61,{"v":1,"d":"1.0"},{"v":1.57,"d":"1.6"},{"v":5,"d":"5.0"},{"v":96,"d":"96.0"}]
["Trator de pneus de 66 cv a 85 cv","unidade",40,{"v":1,"d":"1.0"},{"v":1.53,"d":"1.5"},{"v":5,"d":"5.0"},{"v":61,"d":"61.0"}]
["Acude/represa","unidade",147,{"v":1,"d":"1.0"},3.1,{"v":43,"d":"43.0"},{"v":455,"d":"455.0"}]
["Almoxarifado/oficina","unidade",7,{"v":1,"d":"1.0"},{"v":1,"d":"1.0"},{"v":1,"d":"1.0"},{"v":7,"d":"7.0"}]
["Armazem para graos ensacados","sacas",27]
["Balanca para bovinos","unidade",12,{"v":1,"d":"1.0"},{"v":1.08,"d":"1.1"},{"v":2,"d":"2.0"},{"v":13,"d":"13.0"}]
["Balanca para veiculos","unidade",1,{"v":1,"d":"1.0"},{"v":1,"d":"1.0"},{"v":1,"d":"1.0"},{"v":1,"d":"1.0"}]
["Barracao para bicho da seda/sirgaria","unidade",1,{"v":1,"d":"1.0"},{"v":1,"d":"1.0"},{"v":1,"d":"1.0"},{"v":1,"d":"1.0"}]
["Barracao para granja/avicultura","unidade",2,{"v":1,"d":"1.0"},1.5,{"v":2,"d":"2.0"},{"v":3,"d":"3.0"}]
["Barracao/galpao/garagem","unidade",100,{"v":1,"d":"1.0"},1.1,{"v":3,"d":"3.0"},{"v":110,"d":"110.0"}]
["Casa de moradia habitada","unidade",196,{"v":1,"d":"1.0"},{"v":1.36,"d":"1.4"},{"v":6,"d":"6.0"},{"v":266,"d":"266.0"}]
["Casa de moradia total","unidade",236,{"v":1,"d":"1.0"},{"v":1.64,"d":"1.6"},{"v":7,"d":"7.0"},{"v":386,"d":"386.0"}]
["Curral/mangueira","unidade",205,{"v":1,"d":"1.0"},{"v":1.03,"d":"1.0"},{"v":2,"d":"2.0"},{"v":212,"d":"212.0"}]
["Deposito/tulha","unidade",141,{"v":1,"d":"1.0"},{"v":1.04,"d":"1.0"},{"v":2,"d":"2.0"},{"v":147,"d":"147.0"}]
["Engenho","unidade",1,{"v":1,"d":"1.0"},{"v":1,"d":"1.0"},{"v":1,"d":"1.0"},{"v":1,"d":"1.0"}]
["Estabulo","unidade",4,{"v":1,"d":"1.0"},{"v":1,"d":"1.0"},{"v":1,"d":"1.0"},{"v":4,"d":"4.0"}]
["Estacao/posto meteorologico","unidade",4,{"v":1,"d":"1.0"},{"v":1,"d":"1.0"},{"v":1,"d":"1.0"},{"v":4,"d":"4.0"}]
["Estufa/plasticultura","m2",1]
["Fabrica de racao","unidade",1,{"v":1,"d":"1.0"},{"v":1,"d":"1.0"},{"v":1,"d":"1.0"},{"v":1,"d":"1.0"}]
["Instalacoes para equinos","unidade",1,{"v":2,"d":"2.0"},{"v":2,"d":"2.0"},{"v":2,"d":"2.0"},{"v":2,"d":"2.0"}]
["Maquina de beneficio","unidade",1,{"v":1,"d":"1.0"},{"v":1,"d":"1.0"},{"v":1,"d":"1.0"},{"v":1,"d":"1.0"}]
["Pocilga","unidade",2,{"v":1,"d":"1.0"},{"v":1,"d":"1.0"},{"v":1,"d":"1.0"},{"v":2,"d":"2.0"}]
["Poco semi-artesiano","unidade",174,{"v":1,"d":"1.0"},{"v":1.11,"d":"1.1"},{"v":4,"d":"4.0"},{"v":193,"d":"193.0"}]
["Silo para silagem","ton",2]
["Terreiro","m2",24]
["Fonte: Secretaria de Agricultura e Abastecimento, CDRS/IEA, Projeto LUPA."]
[]
["TABELA 214.4 - Outras Estatísticas Agrícolas, Município de Guzolândia, Estado de São Paulo, 2016/17."]
["ITEM","Número de UPAs",null,"Percentual"]
["Faz Parte de Associação de Produtores",95,null,{"v":31.561461794019934,"d":"31.6"}]
["Faz Parte de Cooperativa de Produtores",39,null,{"v":12.956810631229235,"d":"13.0"}]
["Faz Parte do Sindicato de Produtores",92,null,{"v":30.564784053156142,"d":"30.6"}]
["Não utiliza assistência técnica ",23,null,{"v":7.641196013289036,"d":"7.6"}]
["Utiliza somente assistência técnica governamental ",236,null,{"v":78.40531561461793,"d":"78.4"}]
["Utiliza somente assistência técnica privada ",3,null,{"v":0.9966777408637874,"d":"1.0"}]
["Utiliza assistência técnica tanto governamental quanto privada",39,null,{"v":12.956810631229235,"d":"13.0"}]
["Utiliza Crédito Rural",82,null,{"v":27.242524916943523,"d":"27.2"}]
["Utiliza Seguro Rural",40,null,{"v":13.289036544850497,"d":"13.3"}]
["Utiliza Escrituração Agrícola",260,null,{"v":86.37873754152824,"d":"86.4"}]
["Acessa Internet p/ Fins na Agropecuária",24,null,{"v":7.973421926910299,"d":"8.0"}]
["Utiliza Computador nas Atividades Agropecuárias",24,null,{"v":7.973421926910299,"d":"8.0"}]
["Utiliza Energia Elétrica Para Uso na Atividade Agrícola",281,null,{"v":93.35548172757474,"d":"93.4"}]
["Utiliza Energia Alternativa",1,null,{"v":0.33222591362126247,"d":"0.3"}]
["Realiza Análise de Solo, quando necessário",162,null,{"v":53.82059800664452,"d":"53.8"}]
["Realiza Calagem",35,null,{"v":11.627906976744187,"d":"11.6"}]
["Utiliza Práticas de Conservação de Solo, quando necessário",252,null,{"v":83.72093023255815,"d":"83.7"}]
["Faz Adubação Mineral, quando necessário",205,null,{"v":68.1063122923588,"d":"68.1"}]
["Faz Adubação Orgânica, quando necessário",46,null,{"v":15.282392026578071,"d":"15.3"}]
["Faz Adubação Verde, quando necessário",2,null,{"v":0.6644518272425249,"d":"0.7"}]
["Utiliza Manejo Integrado de Pragas (MIP)",1,null,{"v":0.33222591362126247,"d":"0.3"}]
["Utiliza Hidroponia","-",null,"-"]
["Utiliza Cultivo em Estufa",1,null,{"v":0.33222591362126247,"d":"0.3"}]
["Utiliza Mudas Fiscalizadas",48,null,{"v":15.946843853820598,"d":"15.9"}]
["Utiliza Semente Melhorada",97,null,{"v":32.22591362126246,"d":"32.2"}]
["Faz Confinamento de Bovinos",13,null,{"v":4.318936877076412,"d":"4.3"}]
["Utiliza Pastejo Intensivo",90,null,{"v":29.90033222591362,"d":"29.9"}]
["Faz Inseminação Artificial",20,null,{"v":6.644518272425249,"d":"6.6"}]
["Faz Mineralização do Rebanho",233,null,{"v":77.40863787375416,"d":"77.4"}]
["Faz Vermifugação do Rebanho",233,null,{"v":77.40863787375416,"d":"77.4"}]
["Possui Parceiros /Arrendatários na Exploração Animal",41,null,{"v":13.621262458471762,"d":"13.6"}]
["Existência de trabalhadores c/ deficiência na UPA","-",null,"-"]
["Esporte e lazer",3,null,{"v":0.9966777408637874,"d":"1.0"}]
["Extração mineral","-",null,"-"]
["Hotel Fazenda, Pousada ou SPA","-",null,"-"]
["Pesque-pague","-",null,"-"]
["Restaurante ou Lanchonete",2,null,{"v":0.6644518272425249,"d":"0.7"}]
["Transformação artesanal","-",null,"-"]
["Turismo rural ou ecoturismo","-",null,"-"]
["Outras atividades econômicas rurais",1,null,{"v":0.33222591362126247,"d":"0.3"}]
["Agroindústria","-",null,"-"]
["Proprietário sem instrução ou com instrução incompleta",3,null,{"v":0.9966777408637874,"d":"1.0"}]
["Proprietário com antigo primário completo",110,null,{"v":36.544850498338874,"d":"36.5"}]
["Proprietário com 1° grau (ou antigo ginasial) completo",49,null,{"v":16.27906976744186,"d":"16.3"}]
["Proprietário com 2° grau (ou antigo colegial) completo",66,null,{"v":21.92691029900332,"d":"21.9"}]
["Proprietário com curso superior completo ",69,null,{"v":22.92358803986711,"d":"22.9"}]
["Pessoa Jurídica",4,null,{"v":1.3289036544850499,"d":"1.3"}]
["Proprietário residente na própria UPA ",95,null,{"v":31.561461794019934,"d":"31.6"}]
["Fonte: Secretaria de Agricultura e Abastecimento, CDRS/IEA, Projeto LUPA."]
[]
["TABELA 214.5 - Área Cultivada, Município de Guzolândia, Estado de São Paulo, 2016/17."]
["CULTURA","N.DE UPAs","MÍNIMO","MÉDIO","MÁXIMO","TOTAL"]
["Braquiaria",245,0.4,{"v":68.74,"d":"68.7"},{"v":1061.8,"d":"1,061.8"},{"v":16842.4,"d":"16,842.4"}]
["Coloniao",123,0.5,{"v":35.36,"d":"35.4"},{"v":380,"d":"380.0"},{"v":4349.7,"d":"4,349.7"}]
["Cana-de-acucar finalidade industria",14,27.3,{"v":187.12,"d":"187.1"},624.4,{"v":2619.7,"d":"2,619.7"}]
["Seringueira",13,10.9,{"v":59.32,"d":"59.3"},189.7,771.1]
["Milho safra",12,{"v":1,"d":"1.0"},{"v":26.88,"d":"26.9"},96.8,322.6]
["Banana",3,{"v":29,"d":"29.0"},{"v":68.53,"d":"68.5"},{"v":121,"d":"121.0"},205.6]
["Gramas",6,1.2,{"v":33.08,"d":"33.1"},{"v":145,"d":"145.0"},198.5]
["Laranja destino misto",1,{"v":147,"d":"147.0"},{"v":147,"d":"147.0"},{"v":147,"d":"147.0"},{"v":147,"d":"147.0"}]
["Soja",2,33.5,{"v":57.65,"d":"57.7"},81.8,115.3]
["Eucalipto",5,0.6,20.8,{"v":72,"d":"72.0"},{"v":104,"d":"104.0"}]
["Laranja Mercado",2,20.7,{"v":34,"d":"34.0"},47.3,{"v":68,"d":"68.0"}]
["Capim-gordura",1,61.3,61.3,61.3,61.3]
["Cana-de-acucar outras finalidades",26,0.3,{"v":2.33,"d":"2.3"},{"v":10,"d":"10.0"},60.5]
["Sorgo-forrageiro",2,15.5,{"v":19.85,"d":"19.9"},24.2,39.7]
["Manga",3,2.5,10.2,14.4,30.6]
["Milho-silagem",1,{"v":15,"d":"15.0"},{"v":15,"d":"15.0"},{"v":15,"d":"15.0"},{"v":15,"d":"15.0"}]
["Limao",2,{"v":2,"d":"2.0"},{"v":6.25,"d":"6.3"},10.5,12.5]
["Cafe",1,4.8,4.8,4.8,4.8]
["Ameixa",1,2.4,2.4,2.4,2.4]
["Mandioca",1,0.5,0.5,0.5,0.5]
["Batata-doce",1,0.5,0.5,0.5,0.5]
["Jilo",1,0.5,0.5,0.5,0.5]
["Berinjela",1,0.5,0.5,0.5,0.5]
["Abobora (ou jerimum)",1,0.5,0.5,0.5,0.5]
["Pepino",1,0.3,0.3,0.3,0.3]
["Viveiro de flores e ornamentais",1,0.3,0.3,0.3,0.3]
["Pimentao",1,0.2,0.2,0.2,0.2]
["Fonte: Secretaria de Agricultura e Abastecimento, CDRS/IEA, Projeto LUPA."]